LEADER 01495nam 2200385Ia 450 001 9910699238303321 005 20230902161934.0 035 $a(CKB)5470000002401524 035 $a(OCoLC)489146378 035 $a(EXLCZ)995470000002401524 100 $a20091215d1999 ua 0 101 0 $aeng 135 $auran||||||||| 181 $ctxt$2rdacontent 182 $cc$2rdamedia 183 $acr$2rdacarrier 200 00$aGuidance for industry$b[electronic resource] $eQ6B specifications : test procedures and acceptance criteria for biotechnological /biological products 210 1$aRockville, MD :$cU.S. Dept. of Health and Human Services, Food and Drug Administration, Center for Drug Evaluation and Research :$cCenter for Biologics Evaluation and Research,$d[1999] 215 $a1 online version (21 pages) 300 $a"ICH." 300 $a"August 1999." 517 $aGuidance for industry 606 $aBiotechnology$xResearch$xStandards$xInternational cooperation 606 $aBiological products$xTesting 615 0$aBiotechnology$xResearch$xStandards$xInternational cooperation. 615 0$aBiological products$xTesting. 712 02$aCenter for Drug Evaluation and Research (U.S.) 712 02$aCenter for Biologics Evaluation and Research (U.S.) 712 12$aInternational Conference on Harmonisation. 801 0$bGPO 801 1$bGPO 906 $aBOOK 912 $a9910699238303321 996 $aGuidance for industry$93434577 997 $aUNINA